000 00476nam a2200169Ia 4500
999 _c28915
_d28915
003 OSt
005 20201127113140.0
008 190216s9999||||xx |||||||||||||| ||und||
040 _coclc
082 _a894.8124
_bRAJ/P
100 _aRajesh, N B
_96970
245 0 _aPachappinte Pusthakam /
_cN B Rajesh
260 _bLipi Publication,
_aKozhikode;
_c2006.
300 _a40p
650 _aPadanam
942 _cBK
_2ddc
_h894.8124
_iRAJ/P
_k894.8124
_mRAJ/P